Sabbato ante dominicas primas adventus ad magnificat. (Record no. 8324)

MARC details
000 -CABECERA
campo de control de longitud fija 01511nam a2200301 a 4500
001 - NÚMERO DE CONTROL
campo de control BRCA_8665
005 - FECHA Y HORA DE LA ÚLTIMA TRANSACCIÓN
campo de control 20190320210349.0
008 - DATOS DE LONGITUD FIJA--INFORMACIÓN GENERAL
campo de control de longitud fija 021216s1799----it-#######---#000-0#lat-#
041 ## - CÓDIGO DE LENGUA
Código de lengua del texto/banda sonora o título independiente lat
044 ## - CÓDIGO DEL PAÍS DE LA ENTIDAD EDITORA/PRODUCTORA
Código MARC del país it
050 #4 - SIGNATURA TOPOGRÁFICA DE LA BIBLIOTECA DEL CONGRESO
Número de clasificación BV169
Número de documento/Ítem .S23
-- 177-?
245 10 - MENCIÓN DE TÍTULO
Título Sabbato ante dominicas primas adventus ad magnificat.
260 ## - PUBLICACIÓN, DISTRIBUCIÓN, ETC.
Lugar de publicación, distribución, etc. [s.l.]
Nombre del editor, distribuidor, etc. [s.i.]
Fecha de publicación, distribución, etc. 177-?
300 ## - DESCRIPCIÓN FÍSICA
Extensión T.V, cxij p.
Dimensiones 64 cm
500 ## - NOTA GENERAL
Nota general Fondo antiguo
500 ## - NOTA GENERAL
Nota general Se encuentra en Caja Fuerte
500 ## - NOTA GENERAL
Nota general W-24
500 ## - NOTA GENERAL
Nota general Libro de coro con letras capitulares en tinta roja
500 ## - NOTA GENERAL
Nota general Contiene pentagramas musicales
500 ## - NOTA GENERAL
Nota general Nota de encuadernación: Madera sobre piel, con aplicaciones de oro en las esquinas una de ellas esta incompleta, bronches de piel con herrajes de oro
500 ## - NOTA GENERAL
Nota general Estado físico: Algunas de las páginas del documento se encuentran reparadas con una pequeña costura
505 0# - NOTA DE CONTENIDO CON FORMATO
Nota de contenido con formato Libro quinto que contiene las antifonias de las ferias, Dominicas de adviento y quaresma y Dominicas infraoctavas, hasta la feria quinta en cena domini, también contiene todos los maytines de navidad seguidos con las antifonias de Laudes de la vigilia.-- Las visperas de San Esteban Pronto martir.-- Las de San Juan Apostol.-- Las de los santos inocentes.
506 0# - NOTA DE RESTRICCIONES AL ACCESO
Limitaciones de acceso Fondo reservado: para su consulta es necesario credencial de usuario y carta de motivos
650 14 - PUNTO DE ACCESO ADICIONAL DE MATERIA--TÉRMINO DE MATERIA
Término de materia o nombre geográfico como elemento de entrada Iglesia católica
Término indicativo de función/relación Liturgia
Subdivisión de forma Manuscritos
9 (RLIN) 21622
650 14 - PUNTO DE ACCESO ADICIONAL DE MATERIA--TÉRMINO DE MATERIA
Término de materia o nombre geográfico como elemento de entrada Libros de coro
Término indicativo de función/relación Iglesia católica
9 (RLIN) 21623
902 ## - CATALOGADOR
Iniciales LAR
942 ## - ELEMENTOS DE PUNTO DE ACCESO ADICIONAL (KOHA)
Fuente del sistema de clasificación o colocación Library of Congress Classification
Tipo de ítem Koha Libros
Holdings
Estado de retiro Estado de pérdida Estado dañado No para préstamo Localización permanente Ubicación/localización actual Fecha de adquisición Número de inventario Total de préstamos Signatura topográfica completa Código de barras Fecha visto por última vez Precio válido a partir de Tipo de ítem Koha
El ejemplar forma parte de la colección y puede ser consultado según las políticas vigentes.       Biblioteca del Museo Franz Mayer (Rogerio Casas-Alatriste) Biblioteca del Museo Franz Mayer (Rogerio Casas-Alatriste) 02/12/2016 W-24   BV169 .S23 177-? (W-24) LAR00164 22/03/2019 22/03/2019 Libros